000 00752nam a2200217Ii 4500
003 JO-AjNU
008 230605s9999||||xx |||||||||||||| ||und||
017 _a32518
040 _aJO-AjNU
_bara
_erda
_cJO-AjNU
041 _aara
050 1 4 _aQA76.73.B3.M3664 1992
100 3 _aمنصور،عوض، الحلالشة، قاسم,
_eauthor
_949318
245 0 0 _aالمرجع الشامل برمجة بيسك=The Complete Reference for BASIC Programming
250 _aط3
264 3 1 _aعمان:مكتبة البشائر،1992
300 _a341ص
336 _atext
_btxt
_2rdacontent
337 _aunmediated
_bn
_2rdamedia
338 _avolume
_bnc
_2rdacarrier
650 4 _aلغة بيسك-الحاسبات الالكترونية-لغات
_949319
999 _aA21654
_c25222
_d25222